<?xml version="1.0" encoding="UTF-8"?>
<record
    xmlns:xsi="http://www.w3.org/2001/XMLSchema-instance"
    xsi:schemaLocation="http://www.loc.gov/MARC21/slim http://www.loc.gov/standards/marcxml/schema/MARC21slim.xsd"
    xmlns="http://www.loc.gov/MARC21/slim">

  <leader>01029nam a22002417a 4500</leader>
  <controlfield tag="001">30</controlfield>
  <controlfield tag="003">FISKH</controlfield>
  <controlfield tag="005">20250930112222.0</controlfield>
  <controlfield tag="008">230126b        cb ||||| |||| 00| 0 eng d</controlfield>
  <datafield tag="020" ind1=" " ind2=" ">
    <subfield code="a">9781407172545</subfield>
  </datafield>
  <datafield tag="040" ind1=" " ind2=" ">
    <subfield code="c">FISKH</subfield>
    <subfield code="a">FISKH</subfield>
    <subfield code="b">eng</subfield>
    <subfield code="d">FISKH</subfield>
  </datafield>
  <datafield tag="050" ind1=" " ind2=" ">
    <subfield code="a">PR 4560</subfield>
    <subfield code="b">.A1</subfield>
  </datafield>
  <datafield tag="082" ind1=" " ind2=" ">
    <subfield code="a">823.8</subfield>
  </datafield>
  <datafield tag="100" ind1=" " ind2=" ">
    <subfield code="a">Dickens, Charles.</subfield>
    <subfield code="d">1812-1870</subfield>
  </datafield>
  <datafield tag="245" ind1=" " ind2=" ">
    <subfield code="a">Great expectations</subfield>
    <subfield code="c">Charles Dickens</subfield>
  </datafield>
  <datafield tag="260" ind1=" " ind2=" ">
    <subfield code="a">London :</subfield>
    <subfield code="b">Scholastic,</subfield>
    <subfield code="c">2017</subfield>
  </datafield>
  <datafield tag="300" ind1=" " ind2=" ">
    <subfield code="a">598 pages :</subfield>
    <subfield code="c">20 cm.</subfield>
  </datafield>
  <datafield tag="520" ind1=" " ind2=" ">
    <subfield code="a">Pip is content with his simple life until a bitter gentlewoman employs him as a sometime companion to herself and her adopted daughter. Pip then aspires to become a gentleman himself, though his dreams are unrealistic until the day he mysteriously comes into a fortune and is sent to London to become refined. The story follows Pip's journey into adulthood and emotional maturity and understanding.</subfield>
  </datafield>
  <datafield tag="521" ind1=" " ind2=" ">
    <subfield code="a">1150</subfield>
    <subfield code="b">FISKH</subfield>
  </datafield>
  <datafield tag="651" ind1="0" ind2=" ">
    <subfield code="a">England</subfield>
    <subfield code="v">Juvenile fiction</subfield>
    <subfield code="x">social conditions</subfield>
  </datafield>
  <datafield tag="655" ind1=" " ind2=" ">
    <subfield code="a">Children's Stories</subfield>
  </datafield>
  <datafield tag="942" ind1=" " ind2=" ">
    <subfield code="2">ddc</subfield>
    <subfield code="c">BK</subfield>
    <subfield code="n">0</subfield>
  </datafield>
  <datafield tag="999" ind1=" " ind2=" ">
    <subfield code="c">30</subfield>
    <subfield code="d">30</subfield>
  </datafield>
  <datafield tag="952" ind1=" " ind2=" ">
    <subfield code="0">0</subfield>
    <subfield code="1">0</subfield>
    <subfield code="2">lcc</subfield>
    <subfield code="4">0</subfield>
    <subfield code="7">0</subfield>
    <subfield code="8">JUVF</subfield>
    <subfield code="a">001</subfield>
    <subfield code="b">001</subfield>
    <subfield code="c">ATKSF</subfield>
    <subfield code="d">2023-01-26</subfield>
    <subfield code="l">0</subfield>
    <subfield code="o">DIC 823.83 PR4560 .A1</subfield>
    <subfield code="p">FISTK05886</subfield>
    <subfield code="r">2023-10-02 10:43:35</subfield>
    <subfield code="t">1</subfield>
    <subfield code="w">2023-01-26</subfield>
    <subfield code="y">BK</subfield>
  </datafield>
  <datafield tag="952" ind1=" " ind2=" ">
    <subfield code="0">0</subfield>
    <subfield code="1">0</subfield>
    <subfield code="2">lcc</subfield>
    <subfield code="4">0</subfield>
    <subfield code="7">0</subfield>
    <subfield code="8">JUVF</subfield>
    <subfield code="a">001</subfield>
    <subfield code="b">001</subfield>
    <subfield code="c">ATKSF</subfield>
    <subfield code="d">2025-09-30</subfield>
    <subfield code="l">0</subfield>
    <subfield code="o">DIC 823.83 PR4560 .A1</subfield>
    <subfield code="p">FISTK05887</subfield>
    <subfield code="r">2025-09-30 11:22:02</subfield>
    <subfield code="t">2</subfield>
    <subfield code="w">2025-09-30</subfield>
    <subfield code="y">BK</subfield>
  </datafield>
</record>
